| 000 | 00529nam a2200217Ia 4500 | ||
|---|---|---|---|
| 003 | 0100 | ||
| 008 | 130307s9999 xx 000 0 und d | ||
| 020 | _a0708316727 | ||
| 040 | _cARRUPELIB | ||
| 050 | _aJZ1308.A53 2001 | ||
| 100 | _aAnderson-Gold, Sharon | ||
| 245 | _aCosmopolitanism and human rights | ||
| 260 | _aCardiff | ||
| 260 | _bUniversity of Wales Press | ||
| 260 | _c2001. | ||
| 300 | _aix | ||
| 300 | _b166 p. 22 cm. | ||
| 440 | _aPolitical philosophy now | ||
| 650 | _aPOLITICAL SCIENCE | ||
| 942 | 0 | 0 | _03 |
| 999 |
_c93884 _d93884 |
||